000 00834nam a2200205Ii 4500
003 JO-AjNU
008 230605s9999||||xx |||||||||||||| ||und||
017 _a2009/10/4503
040 _aJO-AjNU
_bara
_erda
_cJO-AjNU
041 _aara
050 1 4 _aLB1060.2009
100 3 _aتاليف قاسم، وفاء مصطفى,
_eauthor
_961060
245 0 0 _aتنظيم بيئة التعلم الصفي: الادارة الصفية بين النظرية والتطبيق
264 3 1 _aعمان: المؤلف، 2009
300 _a206ص
_b ويحتوي على قائمة مراجع من ص201-ص206
336 _atext
_btxt
_2rdacontent
337 _aunmediated
_bn
_2rdamedia
338 _avolume
_bnc
_2rdacarrier
650 4 _aالادارة التعليمية-التعلم الصفي-طرق التعلم-اساليب التدريس
_961061
999 _aA27576
_c31144
_d31144